[Event "POL-ch U18"]
[Site "Wisla"]
[Date "2000.??.??"]
[Round "2"]
[White "Jakubowski, Krzysztof"]
[Black "Szulc, Michal"]
[Result "0-1"]
[WhiteElo "2353"]
[BlackElo "2215"]
[PlyCount "92"]
[EventDate "2000.02.26"]
[EventType "swiss"]
[EventRounds "10"]
[EventCountry "POL"]
[SourceTitle "EXT 2005"]
[Source "ChessBase"]
[SourceDate "2004.11.15"]
[SourceVersion "1"]
[SourceVersionDate "2004.11.15"]
[SourceQuality "1"]

1. e4 e5 2. Nf3 Nc6 3. Bb5 f5 4. Nc3 Nf6 5. Qe2 Qe7 6. 0-0 fxe4 7. Nxe4 d5 8. Ng3 e4 9. Nd4 Qc5 10. Bxc6+ bxc6 11. Nb3 Qb6 12. d3 Ba6 13. Bg5 0-0-0 14. Nh5 c5 15. Rfd1 Bd6 16. Nxg7 Be5 17. Bxf6 Bxf6 18. Qg4+ Kb8 19. Ne6 Bc8 20. dxe4 Bxe6 21. Qf3 Rhf8 22. exd5 Bd4 23. Nxd4 cxd4 24. Qe4 Rxd5 25. Rd3 Rdd8 26. Qe5 Bc4 27. Rd2 Rfe8 28. Qh5 Qg6 29. Qxg6 hxg6 30. b3 Re2 31. Rad1 Rxd2 32. Rxd2 Ba6 33. f4 c5 34. Kf2 Kc7 35. g4 Re8 36. h4 Kc6 37. b4 Re4 38. bxc5 Kxc5 39. h5 Rxf4+ 40. Kg3 g5 41. h6 Bc8 42. Rh2 Rxg4+ 43. Kf3 Rf4+ 44. Kg3 Rf8 45. Rh5 Kc4 46. Rxg5 Bf5 0-1

[Event "POL-ch U18"]
[Site "Wisla"]
[Date "2000.??.??"]
[Round "6"]
[White "Rubinowski, Sebastian"]
[Black "Szulc, Michal"]
[Result "1-0"]
[WhiteElo "2042"]
[BlackElo "2215"]
[PlyCount "83"]
[EventDate "2000.02.26"]
[EventType "swiss"]
[EventRounds "10"]
[EventCountry "POL"]
[SourceTitle "EXT 2005"]
[Source "ChessBase"]
[SourceDate "2004.11.15"]
[SourceVersion "1"]
[SourceVersionDate "2004.11.15"]
[SourceQuality "1"]

1. e4 e6 2. b3 d5 3. Bb2 dxe4 4. Nc3 Nf6 5. Qe2 Bb4 6. 0-0-0 Bxc3 7. dxc3 Qe7 8. g4 h6 9. h4 e5 10. Bh3 g5 11. f3 Nc6 12. fxe4 Bd7 13. h5 0-0-0 14. Qf3 Be6 15. Rf1 Nxh5 16. gxh5 g4 17. Qf6 Qxf6 18. Rxf6 gxh3 19. Nxh3 Rdg8 20. Kb1 Kd7 21. Ba3 Bxh3 22. Rxh3 Rg1+ 23. Bc1 Ke7 24. Rhf3 Rh7 25. Kb2 Rh1 26. R3f5 Rh4 27. Rxh6 Rxh6 28. Bxh6 Rxe4 29. Bg5+ Kf8 30. Bf6 Kg8 31. Rg5+ Kh7 32. Rg7+ Kh6 33. Rxf7 Rf4 34. Bg7+ Kxh5 35. Rxc7 e4 36. Rxb7 e3 37. c4 e2 38. Bc3 Rf3 39. Bd2 Rf1 40. Rc7 Nd4 41. Rxa7 Rd1 42. Bc3 1-0

[Event "POL-ch U18"]
[Site "Wisla"]
[Date "2000.??.??"]
[Round "5"]
[White "Szulc, Michal"]
[Black "Dlugosz, Jedrzej"]
[Result "1-0"]
[WhiteElo "2215"]
[BlackElo "2177"]
[PlyCount "85"]
[EventDate "2000.02.26"]
[EventType "swiss"]
[EventRounds "10"]
[EventCountry "POL"]
[SourceTitle "EXT 2005"]
[Source "ChessBase"]
[SourceDate "2004.11.15"]
[SourceVersion "1"]
[SourceVersionDate "2004.11.15"]
[SourceQuality "1"]

1. e4 g6 2. d4 Bg7 3. Nc3 d6 4. Be2 a6 5. h4 h5 6. Nh3 Bxh3 7. Rxh3 Nd7 8. Be3 b5 9. a4 b4 10. Nd5 a5 11. Bg5 c6 12. Ne3 Ngf6 13. Bd3 Nh7 14. c3 Rb8 15. f4 Nxg5 16. hxg5 bxc3 17. bxc3 e5 18. Nc4 0-0 19. g4 exf4 20. gxh5 Qxg5 21. Nxd6 Ne5 22. hxg6 Qg1+ 23. Bf1 Rb2 24. gxf7+ Nxf7 25. Qf3 Nxd6 26. 0-0-0 Qf2 27. Qxf2 Rxf2 28. e5 Rxf1 29. Rxf1 Nf5 30. Rff3 Bh6 31. Kd2 Kf7 32. Rxh6 Nxh6 33. Rxf4+ Ke7 34. Rxf8 Kxf8 35. Kd3 Nf5 36. Kc4 Ke7 37. Kc5 Kd7 38. Kb6 Ne7 39. Kxa5 c5 40. Kb6 Nd5+ 41. Kxc5 Nxc3 42. a5 Ne4+ 43. Kb6 1-0

[Event "MK Cafe Cup-B"]
[Site "Koszalin"]
[Date "1999.08.08"]
[Round "6"]
[White "Dobrowolski, Piotr"]
[Black "Szulc, Michal"]
[Result "0-1"]
[WhiteElo "2376"]
[BlackElo "2124"]
[PlyCount "96"]
[EventDate "1999.08.03"]
[EventType "swiss"]
[EventRounds "10"]
[EventCountry "POL"]
[SourceTitle "EXT 2000"]
[Source "ChessBase"]
[SourceDate "1999.11.16"]
[SourceVersion "1"]
[SourceVersionDate "1999.11.16"]
[SourceQuality "1"]

1. e4 e5 2. Nf3 Nc6 3. Bb5 f5 4. d3 Nf6 5. 0-0 d6 6. Nc3 Be7 7. Re1 fxe4 8. dxe4 0-0 9. Bc4+ Kh8 10. Ng5 Qe8 11. Nd5 Bd8 12. h3 Nxd5 13. exd5 Bxg5 14. Bxg5 Qg6 15. dxc6 Qxg5 16. Bd5 b6 17. Re3 Bf5 18. c3 Rf6 19. Qe2 Raf8 20. Rg3 Qh4 21. Re1 Bg6 22. Rf3 Rxf3 23. Bxf3 Bf7 24. b3 Be6 25. Qd3 g5 26. Re4 Bf5 27. Rxh4 Bxd3 28. Rh5 Rg8 29. Bd5 Rg6 30. h4 g4 31. Rg5 Rxg5 32. hxg5 Kg7 33. Be6 g3 34. fxg3 Be4 35. Bd7 Kg6 36. Kf2 Kxg5 37. b4 Kf6 38. g4 Bd5 39. a3 Be6 40. Be8 Bxg4 41. Kg3 Ke7 42. Kxg4 Kxe8 43. Kf5 b5 44. Ke4 Ke7 45. Kd5 Kf6 46. c4 a6 47. g4 h6 48. c5 dxc5 0-1

[Event "POL-ch U16"]
[Site "Krynica"]
[Date "1998.??.??"]
[Round "?"]
[White "Mista, Aleksander"]
[Black "Szulc, Michal"]
[Result "1-0"]
[WhiteElo "2240"]
[BlackElo "2165"]
[PlyCount "39"]
[EventDate "1998.??.??"]
[EventType "swiss"]
[EventRounds "11"]
[EventCountry "POL"]
[SourceTitle "EXT 2002"]
[Source "ChessBase"]
[SourceDate "2001.11.25"]
[SourceVersion "1"]
[SourceVersionDate "2001.11.25"]
[SourceQuality "1"]

1. e4 e6 2. d4 d5 3. Nd2 Nf6 4. e5 Ne4 5. Nxe4 dxe4 6. Bc4 a6 7. a4 c5 8. d5 exd5 9. Bxd5 Nd7 10. f4 f5 11. a5 Be7 12. Be3 Nf8 13. Ne2 Qc7 14. c4 Bd7 15. Nc3 0-0-0 16. 0-0 g5 17. Qc1 gxf4 18. Bxf4 Ne6 19. Bxe4 Nd4 20. e6 1-0

[Event "EU-ch U16"]
[Site "Tallinn"]
[Date "1997.??.??"]
[Round "2"]
[White "Szulc, Michal"]
[Black "Kundin, Alexander"]
[Result "0-1"]
[WhiteElo "2210"]
[BlackElo "2305"]
[PlyCount "52"]
[EventDate "1997.??.??"]
[EventType "swiss"]
[EventRounds "9"]
[EventCountry "EST"]
[SourceTitle "EXT 1998"]
[Source "ChessBase"]
[SourceDate "1997.11.17"]
[SourceVersion "1"]
[SourceVersionDate "1997.11.17"]
[SourceQuality "1"]

1. c4 c6 2. Nf3 d5 3. b3 Bf5 4. Bb2 e6 5. g3 Nf6 6. Bg2 Be7 7. 0-0 0-0 8. d3 h5 9. Nbd2 Bh7 10. Re1 a5 11. e4 a4 12. Qe2 Na6 13. Rac1 Nb4 14. a3 dxe4 15. Nxe4 Nxd3 16. Rcd1 Bxe4 17. Bxf6 Bxf6 18. Qxe4 Nxe1 19. Rxd8 Nxf3+ 20. Bxf3 Rfxd8 21. b4 Rd4 22. Qc2 Rad8 23. c5 Rd3 24. Be4 Rxa3 25. b5 cxb5 26. Bxb7 Rc3 0-1

[Event "POL-chT2 U18"]
[Site "Augustow"]
[Date "1996.??.??"]
[Round "?"]
[White "Peszt, M."]
[Black "Szulc, Michal"]
[Result "1-0"]
[WhiteElo "1940"]
[BlackElo "2000"]
[PlyCount "101"]
[EventDate "1996.??.??"]
[EventType "team-tourn"]
[EventRounds "10"]
[EventCountry "POL"]
[SourceTitle "EXT 2003"]
[Source "ChessBase"]
[SourceDate "2002.11.25"]
[SourceVersion "1"]
[SourceVersionDate "2002.11.25"]
[SourceQuality "1"]

1. e4 e6 2. d4 d5 3. exd5 exd5 4. Bd3 Nc6 5. c3 Bd6 6. Qf3 Nge7 7. Ne2 Be6 8. Bf4 Bxf4 9. Nxf4 Qd7 10. Nxe6 Qxe6+ 11. Qe2 Qd7 12. Nd2 a6 13. Nf3 0-0-0 14. 0-0-0 Rde8 15. Ne5 Nxe5 16. Qxe5 f6 17. Qg3 g6 18. Rhe1 Nc6 19. Re3 Rxe3 20. Qxe3 Re8 21. Qf3 Qe6 22. Kc2 f5 23. Rd2 Qe1 24. Re2 Rxe2+ 25. Qxe2 Qg1 26. Qe6+ Kb8 27. Qxd5 Qxf2+ 28. Kb3 Qh4 29. h3 Nd8 30. Be2 Qe7 31. Bf3 c6 32. Qe5+ Qxe5 33. dxe5 Nf7 34. e6 Nd6 35. Kb4 Kc7 36. c4 a5+ 37. Kxa5 Nxc4+ 38. Kb4 Nxb2 39. Be2 b5 40. Kb3 Na4 41. Kb4 c5+ 42. Ka5 Kd6 43. Bxb5 Nb2 44. Bd7 Nc4+ 45. Kb5 Ne3 46. a4 Nd5 47. a5 h6 48. a6 Nc7+ 49. Kb6 c4 50. a7 c3 51. Ba4 1-0

[Event "POL-chT2 U18"]
[Site "Augustow"]
[Date "1996.??.??"]
[Round "?"]
[White "Sliwinski, Pawel"]
[Black "Szulc, Michal"]
[Result "1/2-1/2"]
[WhiteElo "1800"]
[BlackElo "2000"]
[PlyCount "81"]
[EventDate "1996.??.??"]
[EventType "team-tourn"]
[EventRounds "10"]
[EventCountry "POL"]
[SourceTitle "EXT 2003"]
[Source "ChessBase"]
[SourceDate "2002.11.25"]
[SourceVersion "1"]
[SourceVersionDate "2002.11.25"]
[SourceQuality "1"]

1. d4 d5 2. Nf3 Nf6 3. c4 e6 4. Nc3 Be7 5. Bg5 Nbd7 6. e3 0-0 7. cxd5 exd5 8. Bd3 c6 9. Qc2 h6 10. Bh4 Re8 11. 0-0 Nf8 12. Rab1 Ne4 13. Bxe7 Qxe7 14. Bxe4 dxe4 15. Nd2 f5 16. b4 Be6 17. a4 Rac8 18. a5 Qc7 19. Na4 Nd7 20. Nc5 Bd5 21. Ndb3 Nf6 22. h3 b6 23. axb6 axb6 24. Na4 Ra8 25. Nd2 Ra7 26. Nc3 Rea8 27. Nxd5 cxd5 28. Qxc7 Rxc7 29. Rfc1 Rxc1+ 30. Rxc1 Ra2 31. Nb1 Rb2 32. Rc8+ Kf7 33. Nc3 Rxb4 34. Rc7+ Kg6 35. Ne2 Rb1+ 36. Kh2 Nh5 37. Nc3 Rb2 38. Kg1 Nf6 39. Na4 Rb4 40. Nc3 Rc4 41. Nxd5 1/2-1/2

[Event "POL-chT2 U18"]
[Site "Augustow"]
[Date "1996.??.??"]
[Round "?"]
[White "Szulc, Michal"]
[Black "Krawczyk, Mateusz"]
[Result "1-0"]
[WhiteElo "2000"]
[BlackElo "1800"]
[PlyCount "57"]
[EventDate "1996.??.??"]
[EventType "team-tourn"]
[EventRounds "10"]
[EventCountry "POL"]
[SourceTitle "EXT 2003"]
[Source "ChessBase"]
[SourceDate "2002.11.25"]
[SourceVersion "1"]
[SourceVersionDate "2002.11.25"]
[SourceQuality "1"]

1. c4 Nf6 2. Nc3 g6 3. g3 Bg7 4. Bg2 d6 5. Nf3 Nbd7 6. 0-0 0-0 7. d4 e5 8. Bg5 h6 9. dxe5 Nxe5 10. Nxe5 dxe5 11. Qxd8 Rxd8 12. Bxf6 Bxf6 13. Nd5 Be7 14. Nxc7 Rb8 15. Rad1 Bf5 16. b3 Bc2 17. Rxd8+ Rxd8 18. Nd5 b6 19. e4 f5 20. f3 Bf8 21. Rc1 Bc5+ 22. Kh1 Bd3 23. Rd1 fxe4 24. fxe4 Rxd5 25. cxd5 Bb5 26. Bf1 Bd7 27. d6 Kg7 28. a4 Bc6 29. d7 1-0